000 00839nam a22002057a 4500
999 _c23306
_d23306
003 AR-CdUCM
008 250710b19651965ag ||||| |||| 00| 0 spa d
040 _aMUNICIPALIDAD PROVINCIAL DEL CUSCO
_cBIBLIOTECA MUNICIPAL DEL CUSCO
041 _hspa
082 _a747 / C74 / C74 / vol. IV
_bC74 / vol. IV
110 _aEditorial Codex S.A.
_951191
245 _aDecoralía /
260 _aBuenos Aires :
_bEditorial Codex S.A.
_c1965
300 _a264 páginas. :
_bIlustraciones
_c30x25 Cm.
505 _aDecoración de ambientes -- Decoración de casas y departamentos -- La decoración en el mundo -- Muebles -- Complementos de la decoración -- Ideas prácticas -- Jardines -- Viviendas
650 _aDecoracion de interiores
_951192
650 _aMuebles que crean espacios
_951193
942 _2ddc
_cLIBROS
945 _apbjr
_d10-07-2025